|
|
|
|
| LEADER |
00000nam0a2200000 4500 |
| 001 |
674196 |
| 005 |
20240821131809.0 |
| 090 |
|
|
|a 674196
|
| 100 |
|
|
|a 20240821d1979 k||y0rusy50 ca
|
| 101 |
0 |
|
|a rus
|
| 102 |
|
|
|a UA
|
| 105 |
|
|
|a a z 001yy
|
| 181 |
|
0 |
|a i
|b e
|
| 182 |
|
0 |
|a n
|
| 183 |
|
0 |
|a nc
|2 RDAcarrier
|
| 200 |
1 |
|
|a Борьба с шумом с вибрацией в строительстве и на предприятиях строительной индустрии
|e [монография]
|f Е. П. Самойлюк, В. В. Сафонов
|
| 203 |
|
|
|a Текст
|b визуальный
|c непосредственный
|
| 210 |
|
|
|a Киев
|c Будiвельник
|d 1979
|
| 215 |
|
|
|a 152 с.
|c ил.
|
| 225 |
1 |
|
|a Библиотека строителя. Охрана труда
|
| 225 |
1 |
|
|a Техника безопасности в строительстве
|
| 283 |
|
|
|a volume
|2 RDAcarrier
|
| 320 |
|
|
|a Литература: с.151-152
|
| 606 |
1 |
|
|a Шум и борьба с ним
|x Строительство
|9 44824
|
| 610 |
1 |
|
|a акустические измерения
|
| 610 |
1 |
|
|a вибрационные измерения
|
| 610 |
1 |
|
|a виброизоляционные материалы
|
| 610 |
1 |
|
|a нормирование шума
|
| 610 |
1 |
|
|a звуковое давление
|
| 675 |
|
|
|a 699.844
|v 4
|
| 700 |
|
1 |
|a Самойлюк
|b Е. П.
|g Евгений Павлович
|
| 701 |
|
1 |
|a Сафонов
|b В. В.
|g Владимир Васильевич
|
| 801 |
|
0 |
|a RU
|b 63413507
|c 20240821
|
| 830 |
|
|
|a Ретро2024Каталогизация Мотырева
|
| 850 |
|
|
|a 63413507
|
| 942 |
|
|
|c BK
|